Statistiques concernant Tous les Pokémons de type Fée

Cliquez ici pour prendre le quiz!

Statistiques générales

  • Ce quiz a été pris 13 fois
  • Le résultat moyen est 44 sur 70

Statistiques - réponses

GroupeRéponse% Correct
Fée purMélo
100%
Fée purMélodelfe
100%
Fée purMélofée
100%
Fée / PsyGardevoir / Méga-Gardevoir
92%
Fée / NormalGrodoudou
92%
Fée / NormalRondoudou
92%
Fée / PsyTarsal
92%
Fée / ÉlectrikDedenne
83%
Fée / PsyKirlia
83%
Fée / NormalToudoudou
83%
Fée / RocheDiancie / Méga-Diancie
75%
Fée purFlabébé
75%
Fée purFloette
75%
Fée purFlorges
75%
Fée purGranbull
75%
Fée purNymphali
75%
Fée / EauOratoria
75%
Fée purSnubbull
75%
Fée / RocheStrassie
75%
Fée / TénèbresAngoliath
67%
Fée / EauAzumarill
67%
Fée / InsecteBombydou
67%
Fée purCocotine
67%
Fée purCupcanaille
67%
Fée / PlanteFarfaduvet
67%
Fée purFluvetin
67%
Fée / AcierForgelina
67%
Fée / EauMarill
67%
Fée / SpectreMimiqui
67%
Fée / AcierMysdibule / Méga-Mysdibule
67%
Fée / InsecteRubombelle
67%
Fée purSucroquin
67%
Fée / VolTogekiss
67%
Fée purTogepi
67%
Fée / VolTogetic
67%
Fée purBriochien
58%
Fée / PlanteDoudouvet
58%
Fée / AcierForgella
58%
Fée / AcierForgerette
58%
Fée / TénèbresFourbelin
58%
Fée / TénèbresGrimalin
58%
Fée purGuérilande
58%
Fée / PsyMime Jr.
58%
Fée / PsyM. Mime
58%
Fée purPâtachiot
58%
Fée / PsySorcilence
58%
Fée / AcierTrousselin
58%
Fée purXerneas
58%
Fée / AcierZacian (Épée Suprême)
58%
Fée purZacian (Héros Aguerri)
58%
Fée / VolAmovénus
50%
Fée / NormalAzurill
50%
Fée / GlaceFeunard d'Alola
50%
Fée / SpectreFlotte-Mèche
50%
Fée / CombatGarde-de-Fer
50%
Fée / PsyHurle-Queue
50%
Fée / PlanteLampignon
50%
Fée / AcierMagearna
50%
Fée / PlanteSpododo
50%
Fée / EauTokopisco
50%
Fée / ÉlectrikTokorico
50%
Fée purCharmilly
42%
Fée purCrèmy
42%
Fée / PsyGalopa de Galar
42%
Fée / DragonMéga-Altaria
42%
Fée / PoisonSmogogo de Galar
42%
Fée / PsyTokopiyon
42%
Fée / PlanteTokotoro
42%
Fée / PoisonFavianos
25%
Fée / NormalMéga-Nanméouïe
25%

Distribution des résultats

Percentile par nombre de réponses

% des personnes avec chaque résultat

Votre développement - résultats

Vous n’avez pas pris ce quiz